000 00983nam a2200349Ia 4500
003 OSt
005 20220912144652.0
006 a|||||r|||| 00| 0
007 ta
008 220909b |||||||| |||| 00| 0 eng d
020 _a354007970X (hbk)
020 _aSL01535650
024 _a162138
037 _b539, 22/11/2011, Dhanraj Book House
037 _cTextual
040 _aCSL
_beng
_cCSL
041 _aeng
082 _aCN, L7;2
100 _aRindler Wolfgang
245 0 _aEssential relativity : Special, general and cosmological
250 _a2
260 _aNew-York
_bSpringer-verlag
_c1977
300 _axiv; 284p.
500 _aAppendces 245-252p.; Index 277-284p.
650 _a Cosmological
650 _a Essential relativity
650 _a Physics
650 _aGeneral Science
700 _aRindler Wolfgang
942 _hCN, L7;2
_cTEXL
_2CC
999 _c15293
_d15293